| 000 | 00404nam a22001457a 4500 | ||
|---|---|---|---|
| 008 | 150511b xxu||||| |||| 00| 0 eng d | ||
| 020 | _a9780072496475 (acidfree paper) | ||
| 020 | _a0072496479 | ||
| 041 | 0 | _aeng | |
| 080 | _a003.05 | ||
| 100 | 1 | _a27 | |
| 101 | _aEDU | ||
| 245 | 1 | 4 |
_aThe McGraw-Hill guide : _cDuane Roen, Gregory Glau, Barry Maid. |
| 942 |
_2udc _cBK |
||
| 999 |
_c720 _d720 |
||